Guess the Taylor Swift Song (Speak Now TV) 10 - Statistics

General Stats
  • This quiz has been taken 9 times
  • The average score is 325 of 422
Answer Stats
Answer % Correct
a
100%
And
100%
and
100%
But
100%
can
100%
do
100%
do,
100%
ever
100%
I,
100%
I
100%
if
100%
in
100%
it
100%
me
100%
never
100%
not
100%
see
100%
the
100%
Then
100%
to
100%
what
100%
What
100%
would
100%
You
100%
you
100%
you,
100%
your
100%
as
80%
baby,
80%
baby
80%
could
80%
don't
80%
feel
80%
for
80%
it's
80%
knew?
80%
know
80%
like
80%
make
80%
my
80%
now?
80%
on
80%
So
80%
That
80%
that
80%
time
80%
up
80%
we
80%
with
80%
against
60%
Cause
60%
eyes
60%
hall
60%
hallway
60%
made
60%
"Meet
60%
Oh,
60%
oh,
60%
oh
60%
out?
60%
tell,
60%
they
60%
They
60%
things
60%
think
60%
us
60%
want
60%
went
60%
will
60%
won't
60%
yeah
60%
away
40%
been
40%
being
40%
best
40%
brush
40%
down
40%
even
40%
everything
40%
fast
40%
found
40%
from
40%
happened
40%
haven't
40%
head
40%
Hide
40%
inside
40%
I've
40%
keep
40%
kept
40%
kiss,
40%
mission
40%
more
40%
move
40%
necktie
40%
note
40%
only
40%
Passed
40%
past
40%
saying,
40%
secret
40%
somethin'
40%
something's
40%
sound?
40%
suit
40%
tonight"
40%
touch
40%
Wait
40%
wall
40%
watchin'
40%
yet
40%
addiction
20%
ages
20%
behaving
20%
believe
20%
changed,
20%
floor
20%
half
20%
jacket
20%
myself
20%
Oh-oh,
20%
professional
20%
quiet
20%
spend
20%
start
20%
throw
20%
til
20%
tryin'
20%
Uh
20%
uh,
20%
uh
20%
uh)
20%
Uh-uh,
20%
(Uh-uh,
20%
waitin'
20%
watchful
20%
ya,
20%
ya?
20%
No matching quizzes found
Score Distribution
Percent of People with Each Score
Percentile by Number Answered
Your Score History
You have not taken this quiz